00539nam a22001577a 4500020001800000040000900018082001800027100002700045110003100072245004300103260004500146650005100191942001200242999001900254952010800273 a9781580531108 cNust a621.3848bKOM aIgov V Komarov9125152 aSergey M. Smolskiy9124879 aFundamentals of Short -Range FM Radar  aBoston:bArtech house publishers,c2003. aFundamentals of Short -Range FM Radar 9124880 2ddccBK c610940d610940 00102ddc4070aCEMEbCEMEcGENd2024-08-15l0o621.3848 KOMpCEME- 39031r2024-08-15w2024-08-15yBK